00000000nam##2200000za#4500
0019.601471
003CaOODSP
00520210624210105
007cr |||||||||||
008150406|2008||||xxc|||||o    f|0| 0 fre|d
022 |a1919-5117
040 |aCaOODSP|bfre
043 |an-cn---
0861 |aFs70-6/2008-026F-PDF
1101 |aCanada. |bMinistère des pêches et des océans. |bRégion du Québec.
24510|aAvis sur la définition des stocks de sébastes (Sebastes fasciatus et S. mentella) des unités 1 et 2 |h[ressource électronique]
24617|aRégions du Québec et de Terre-Neuve et Labrador : avis sur la définition des stocks de sébastes
260 |aMont-Joli - Québec : |bPêches et Océans Canada. |cJuin 2008.
300 |a13p.|bcartes en couleur, figures (certaines en couleur), ill., références
4901 |aSecrétariat canadien de consultation scientifique, avis scientifique |x1919-5117|v2008/026, Régions du Québec et de Terre-Neuve et Labrador
590 |a11-21-Supp|b2011-09-30
77508|tAdvice on the stock definition of redfish (Sebastes fasciatus and S. mentella) in units 1 and 2 |w(CaOODSP)9.570827
830#0|aAvis scientifique (Secrétariat canadien de consultation scientifique)|x1919-5117|v2008/026, Régions du Québec et de Terre-Neuve et Labrador|w(CaOODSP)9.502624
85640|ahttp://publications.gc.ca|qPDF|s802 Ko|uhttps://publications.gc.ca/collections/collection_2011/mpo-dfo/Fs70-6-2008-026-fra.pdf|y2008/026, Régions du Québec et de Terre-Neuve et Labrador